Banderas de Países #6 - Estadísticas

Estadísticas generales
  • Esta prueba ha sido intentada 44 veces
  • La puntuación promedio es 13 de 16
Estadísticas de respuestas
Imagen Respuesta % Correcto
Chipre
100%
Turquía
98%
Kenia
90%
Serbia
90%
Armenia
88%
Malta
88%
Tailandia
88%
Filipinas
85%
Angola
83%
Ghana
83%
Lesoto
80%
Taiwán
80%
Chad
75%
Turkmenistán
73%
Myanmar
70%
Comoras
68%
No se encontraron pruebas coincidentes
Distribución de puntuación
Porcentaje de gente con cada puntuación
Porcentaje por número respondido
Historial de tus puntuaciones
No has intentado esta prueba.